Drsný chlap vystrieľal aj Oscary

Podrobná bibliografia
Hlavný autor: Rešeta, Imrich, 1981- (Autor)
Médium: Článok
Jazyk:slovenčina
Fyzický popis:Fotogr.
ISSN:1337-219X
Predmet:

MARC

LEADER 00000nab a2200000 ar4500
001 vtls009277270
003 SK-MaSNL
005 20260303052435.0
008 080318c2008 xo mr|p|||||||000 b|slo
015 |a SNBRB2008/03  |2 snkbucl 
038 |a SNKBUCL 
040 |a SNKBUCL  |b slo  |c SNKBUCL  |e AACR2 
041 0 |a slo 
044 |a xo  |c SK 
080 |a 791.43(73)  |2 1997 
100 1 |a Rešeta, Imrich,  |d 1981-  |4 aut  |9 151885 
245 1 0 |a Drsný chlap vystrieľal aj Oscary  |c Imrich Rešeta 
300 |b Fotogr. 
630 0 7 |a Táto krajina nie je pre starých (film)  |2 snkbucl  |9 1031891 
655 7 |a recenzie  |2 snkbucl  |9 21907 
773 0 |t Žurnál  |g Roč. II, č. 10 (2008), s. 38  |x 1337-219X 
852 |a SNK  |b KIS3GCP 
958 |a RC 
999 |c 1715331  |d 1717261